000 00302nam a2200133Ia 4500
005 20251222155050.0
008 251222s9999||||xx |||||||||||||| ||spa||
082 _aMEQ. 48
100 _aHANSEN Ricardo.
245 0 _aCompendio de TisiologĂ­a
250 _a1ra. ed.
264 _bKtaft
942 _cLIB
999 _c37230
_d37230